[Event "BL 8990 Zehlendorf-Lasker"]
[Site "?"]
[Date "1990.??.??"]
[Round "?.8"]
[White "Von Herman, U."]
[Black "Schneider, Bhd"]
[Result "0-1"]
[WhiteElo "2245"]
[BlackElo "2265"]
[PlyCount "138"]
[EventDate "1990.??.??"]

1. d4 Nf6 2. c4 g6 3. Nc3 Bg7 4. e4 d6 5. Nge2 O-O 6. Ng3 c5 7. d5 e6 8. Be2
exd5 9. cxd5 a6 10. a4 Nbd7 11. O-O Re8 12. Bg5 Qb6 13. Qd2 Ne5 14. h3 Qb4 15.
Rfc1 c4 16. Be3 Nfd7 17. Nb1 Nd3 18. Bxd3 Qxb2 19. Ra2 Qxd2 20. Nxd2 cxd3 21.
Nc4 Bf8 22. Ra3 h5 23. f3 b6 24. Rb1 Rb8 25. Nf1 b5 26. Na5 bxa4 27. Rc1 Nc5
28. Bxc5 dxc5 29. Rxd3 Bd7 30. Nd2 Bb5 31. Ndc4 Bg7 32. g3 Bd4+ 33. Kg2 Kf8 34.
Rd2 f6 35. Ra2 g5 36. Nc6 Bxc6 37. dxc6 Rec8 38. Rxa4 Rxc6 39. Rc2 Re6 40. Nd2
Rb4 41. Ra3 f5 42. Kf1 fxe4 43. Nxe4 g4 44. hxg4 hxg4 45. Nd2 gxf3 46. Rxf3+
Ke7 47. Nb3 Kd6 48. Rd3 Re5 49. Ra2 Re3 50. Rxa6+ Kd5 51. Rxe3 Bxe3 52. Nxc5
Bxc5 53. Kg2 Bd6 54. Ra2 Rb3 55. Ra5+ Ke4 56. Rg5 Be5 57. Kh3 Re3 58. Kg2 Kd3
59. Kh3 Re2 60. Rg8 Kd2 61. Rg5 Ke1 62. Rg8 Kf1 63. Rf8+ Kg1 64. Rc8 Bd6 65.
Rc1+ Kf2 66. Rc3 Rb2 67. Rd3 Rb6 68. Rd2+ Kf3 69. Rd5 Bf4 0-1

[Event "BL 8990 Heidelberg-Zehlendorf"]
[Site "?"]
[Date "1990.??.??"]
[Round "?.1"]
[White "Hulak, K."]
[Black "Ostl, A."]
[Result "1-0"]
[WhiteElo "2550"]
[BlackElo "2335"]
[PlyCount "79"]
[EventDate "1990.??.??"]

1. d4 d5 2. Nf3 c6 3. c4 dxc4 4. e3 Bf5 5. Bxc4 e6 6. Nc3 Nf6 7. Qe2 Be7 8. O-O
O-O 9. e4 Bg4 10. Rd1 Nbd7 11. h3 Bh5 12. g4 Bg6 13. Ne5 Nxe5 14. dxe5 Nd7 15.
f4 Bc5+ 16. Kg2 Qe7 17. Bb3 Rad8 18. Be3 h6 19. f5 Nxe5 20. fxg6 Nxg6 21. Rxd8
Rxd8 22. Rd1 Rxd1 23. Nxd1 Qd6 24. Bxc5 Qxc5 25. Qd2 Nh4+ 26. Kf1 g5 27. Nf2
Qe5 28. Qc3 Qh2 29. Qe3 b6 30. Bc2 Qg2+ 31. Ke2 Ng6 32. Kd2 Ne5 33. Kc3 c5 34.
Bd3 Qg1 35. Bb5 Kf8 36. a3 Ke7 37. Kb3 Kf6 38. Ka2 Qg2 39. Nd3 Nf3 40. e5+ 1-0

[Event "BL 8990 Heidelberg-Zehlendorf"]
[Site "?"]
[Date "1990.??.??"]
[Round "?.2"]
[White "Mack, P."]
[Black "Wockenfuss, K."]
[Result "1/2-1/2"]
[WhiteElo "2305"]
[BlackElo "2405"]
[PlyCount "91"]
[EventDate "1990.??.??"]

1. d4 d6 2. c4 e5 3. e4 exd4 4. Qxd4 Nc6 5. Qd2 g6 6. b3 Bg7 7. Bb2 Nf6 8. Bd3
O-O 9. Ne2 Re8 10. Nbc3 a5 11. f3 Ne5 12. Bc2 Bd7 13. O-O a4 14. Rab1 h5 15.
Nd5 Nxd5 16. cxd5 axb3 17. axb3 Bb5 18. f4 Bxe2 19. Qxe2 Nd7 20. Bxg7 Kxg7 21.
Qc4 Kg8 22. Ra1 Rxa1 23. Rxa1 Qf6 24. Rf1 Ra8 25. e5 dxe5 26. Qxc7 Qb6+ 27.
Qxb6 Nxb6 28. fxe5 Nxd5 29. Be4 Ra5 30. e6 f5 31. Bf3 Kf8 32. Rd1 Nf6 33. Rd8+
Ke7 34. Rb8 b5 35. b4 Ra1+ 36. Kf2 Kxe6 37. Rb6+ Ke7 38. Rxb5 Ng4+ 39. Kg3 Kf6
40. Rb6+ Ke5 41. Rxg6 Nf6 42. Rg7 Ne4+ 43. Kh4 Nd6 44. Kxh5 Rb1 45. Kg5 Ne4+
46. Kg6 1/2-1/2

[Event "BL 8990 Heidelberg-Zehlendorf"]
[Site "?"]
[Date "1990.??.??"]
[Round "?.3"]
[White "Cladouras, P."]
[Black "Steinbacher, M."]
[Result "0-1"]
[WhiteElo "2425"]
[BlackElo "2325"]
[PlyCount "62"]
[EventDate "1990.??.??"]

1. e4 Nf6 2. e5 Ng8 3. d4 d5 4. c4 Be6 5. Nc3 c6 6. cxd5 Bxd5 7. Nxd5 Qxd5 8.
Ne2 e6 9. Nc3 Bb4 10. Qg4 Ne7 11. Bd2 Bxc3 12. bxc3 c5 13. Qxg7 Rg8 14. Qxh7
cxd4 15. f4 dxc3 16. Bxc3 Qc5 17. Bd2 Nbc6 18. Rc1 Qd5 19. Qc2 O-O-O 20. Bb4
Nf5 21. Bc5 Kb8 22. Rg1 Nfd4 23. Qf2 Qe4+ 24. Be2 Nxe2 25. Qxe2 Qxf4 26. Qe3
Qxh2 27. Rb1 Rd5 28. Bd6+ Ka8 29. Rd1 Rg3 30. Qf2 Qh4 31. Rxd5 Re3+ 0-1

[Event "BL 8990 Heidelberg-Zehlendorf"]
[Site "?"]
[Date "1990.??.??"]
[Round "?.4"]
[White "Neurohr, S."]
[Black "Pritchett, C."]
[Result "1/2-1/2"]
[WhiteElo "2325"]
[BlackElo "2360"]
[PlyCount "80"]
[EventDate "1990.??.??"]

1. d4 e6 2. c4 Bb4+ 3. Bd2 a5 4. g3 d6 5. Bg2 Nc6 6. Nf3 e5 7. O-O Nf6 8. Bg5
exd4 9. Nxd4 Ne5 10. a3 Bc5 11. Nc3 O-O 12. Nd5 Neg4 13. b4 Ba7 14. bxa5 c6 15.
Nxf6+ gxf6 16. Bf4 Qxa5 17. Bxd6 Rd8 18. c5 Bxc5 19. Bxc5 Qxc5 20. Nb3 Qe7 21.
Qc2 Rxa3 22. Qc5 Qxc5 23. Nxc5 Rxa1 24. Rxa1 Kg7 25. h3 Ne5 26. Ra8 Rd1+ 27.
Kh2 Rc1 28. Nb3 Rc3 29. Na5 Ra3 30. Rxc8 Rxa5 31. Rc7 Rb5 32. f4 Nc4 33. Be4
Ne3 34. Kg1 Rb2 35. Kf2 Nd1+ 36. Kf3 Nc3 37. Bd3 Rb3 38. Kg4 Nd5 39. Rd7 Rb4
40. Kf3 Rb3 1/2-1/2

[Event "BL 8990 Heidelberg-Zehlendorf"]
[Site "?"]
[Date "1990.??.??"]
[Round "?.5"]
[White "Loeffler, S."]
[Black "Grathwohl, R."]
[Result "0-1"]
[WhiteElo "2305"]
[BlackElo "2360"]
[PlyCount "62"]
[EventDate "1990.??.??"]

1. g3 Nf6 2. Bg2 d5 3. Nf3 c6 4. d3 Bg4 5. O-O Nbd7 6. b3 e6 7. c4 a5 8. Nc3
Bd6 9. cxd5 exd5 10. e4 dxe4 11. dxe4 Ne5 12. Bb2 Qe7 13. Qe2 O-O 14. Kh1 Rfe8
15. h3 Bh5 16. Qe3 Bc5 17. Nd4 Bxd4 18. Qxd4 Rad8 19. Qe3 Rd3 20. Qb6 Bf3 21.
Qxa5 Qe6 22. Kg1 Nh5 23. Bc1 b6 24. Qxb6 Rxc3 25. Be3 Nf6 26. Bd4 Bxg2 27. Kxg2
Ned7 28. Qa7 Rc2 29. Rfe1 c5 30. Bxf6 Qxf6 31. Rf1 Qc6 0-1

[Event "BL 8990 Heidelberg-Zehlendorf"]
[Site "?"]
[Date "1990.??.??"]
[Round "?.6"]
[White "Pirrot, D."]
[Black "Vogel, R."]
[Result "1/2-1/2"]
[WhiteElo "2355"]
[BlackElo "2320"]
[PlyCount "82"]
[EventDate "1990.??.??"]

1. e4 c5 2. c3 d5 3. exd5 Qxd5 4. d4 Nc6 5. Nf3 cxd4 6. cxd4 e5 7. Nc3 Bb4 8.
Bd2 Bxc3 9. Bxc3 e4 10. Ne5 Nxe5 11. dxe5 Ne7 12. Be2 O-O 13. O-O Qe6 14. f4
Nf5 15. Qd2 Qb6+ 16. Kh1 Be6 17. Ba5 Qe3 18. Qxe3 Nxe3 19. Rfc1 Rfc8 20. b3 Nc2
21. Rab1 Nd4 22. Bd1 e3 23. Bf3 Nxf3 24. gxf3 Bf5 25. Ra1 b6 26. Bb4 h6 27. Kg1
Bh3 28. Bd6 Kh7 29. Bc7 Kg6 30. Rc3 Kf5 31. Re1 b5 32. Rexe3 a5 33. a4 bxa4 34.
bxa4 Ra7 35. Bb6 Rxc3 36. Rxc3 Rd7 37. Kf2 Kxf4 38. Be3+ Kxe5 39. Rc5+ Rd5 40.
Rxd5+ Kxd5 41. Bb6 Bd7 1/2-1/2

[Event "BL 8990 Heidelberg-Zehlendorf"]
[Site "?"]
[Date "1990.??.??"]
[Round "?.7"]
[White "Lehmann, H."]
[Black "Zuse, P."]
[Result "1-0"]
[WhiteElo "2280"]
[BlackElo "2305"]
[PlyCount "67"]
[EventDate "1990.??.??"]

1. d4 Nf6 2. Nf3 g6 3. c4 Bg7 4. Nc3 d5 5. cxd5 Nxd5 6. e4 Nxc3 7. bxc3 c5 8.
Qa4+ Nc6 9. Be3 O-O 10. Rc1 cxd4 11. cxd4 e6 12. Be2 Qd6 13. O-O Rd8 14. Rfd1
Bd7 15. Qb3 Rab8 16. Bg5 Rdc8 17. Qe3 Qf8 18. d5 exd5 19. exd5 Re8 20. dxc6
Rxe3 21. cxd7 Ree8 22. dxe8=Q Qxe8 23. Bf4 Ra8 24. Bc4 h6 25. Bd5 Qa4 26. Be3
Rf8 27. Bb3 Qe4 28. Bxa7 g5 29. h3 Bf6 30. Be3 Re8 31. Rd6 Kg7 32. Rxf6 Kxf6
33. Bd4+ Ke7 34. Re1 1-0

[Event "BL 8990 Heidelberg-Zehlendorf"]
[Site "?"]
[Date "1990.??.??"]
[Round "?.8"]
[White "Neunhoeffer, H."]
[Black "Lieb, H."]
[Result "1/2-1/2"]
[WhiteElo "2265"]
[BlackElo "2250"]
[PlyCount "92"]
[EventDate "1990.??.??"]

1. d4 Nf6 2. c4 g6 3. Nc3 Bg7 4. Nf3 O-O 5. Bg5 h6 6. Bh4 d6 7. e3 c6 8. Be2
Nbd7 9. Qc2 e5 10. Rd1 Qe7 11. h3 g5 12. Bg3 Ne8 13. e4 exd4 14. Nxd4 Ne5 15.
O-O Ng6 16. Bg4 Be6 17. b3 Be5 18. Bxe5 dxe5 19. Nf5 Bxf5 20. Bxf5 Nf4 21. Ne2
Nxe2+ 22. Qxe2 Nf6 23. Qe3 Rfd8 24. h4 Nh5 25. hxg5 Qxg5 26. Qxg5+ hxg5 27. g3
Ng7 28. Bg4 Kf8 29. c5 Ke7 30. Kg2 Ne8 31. Kf3 Nc7 32. Ke3 Na6 33. Rxd8 Rxd8
34. Rc1 Nc7 35. a4 a5 36. Rc3 Na6 37. f4 gxf4+ 38. gxf4 Kf6 39. Be2 Nb4 40. Rc1
exf4+ 41. Kxf4 Nd3+ 42. Bxd3 Rxd3 43. Rb1 Rd4 44. Rh1 Rb4 45. Rh3 Ke6 46. Rd3
Ke7 1/2-1/2

[Event "BL 8990 Hofheim-Lasker"]
[Site "?"]
[Date "1990.??.??"]
[Round "?.1"]
[White "Brunner, L."]
[Black "Zude, A."]
[Result "1/2-1/2"]
[WhiteElo "2505"]
[BlackElo "2325"]
[PlyCount "71"]
[EventDate "1990.??.??"]

1. e4 e5 2. Nf3 Nc6 3. Bb5 a6 4. Ba4 Nf6 5. O-O Be7 6. Re1 d6 7. Bxc6+ bxc6 8.
d4 exd4 9. Nxd4 Bd7 10. Nc3 O-O 11. Qf3 Re8 12. e5 dxe5 13. Nxc6 Bxc6 14. Qxc6
Qd6 15. Qf3 h6 16. b3 Qc5 17. Bb2 Bd6 18. Ne4 Nxe4 19. Qxe4 Rad8 20. Rad1 Re6
21. Rd5 Qc6 22. Red1 Rde8 23. g3 Rf8 24. c4 f5 25. Qd3 e4 26. Qd4 Rg6 27. c5
Be7 28. Rd7 Qxc5 29. Qxc5 Bxc5 30. Rxc7 Bb6 31. Rb7 e3 32. fxe3 Bxe3+ 33. Kh1
h5 34. Rdd7 Bh6 35. Ba3 Rff6 36. Bb2 1/2-1/2

[Event "BL 8990 Hofheim-Lasker"]
[Site "?"]
[Date "1990.??.??"]
[Round "?.2"]
[White "Buchal, S."]
[Black "Fries Nielsen, J."]
[Result "0-1"]
[WhiteElo "2335"]
[BlackElo "2425"]
[PlyCount "112"]
[EventDate "1990.??.??"]

1. e4 c5 2. Nf3 e6 3. Nc3 a6 4. d4 cxd4 5. Nxd4 Qc7 6. Bd3 Nf6 7. O-O d6 8. f4
Be7 9. Kh1 Nbd7 10. Qe1 O-O 11. Nf3 Nc5 12. e5 Nxd3 13. cxd3 Nd7 14. d4 Nb6 15.
f5 exf5 16. Qg3 g6 17. Bf4 dxe5 18. Nxe5 Qd8 19. d5 Nd7 20. Rad1 Bh4 21. Qd3
Nxe5 22. Bxe5 Re8 23. Qd4 Bd7 24. d6 Bc6 25. Rd3 Re6 26. Nd5 Bxd5 27. Qxd5 Qd7
28. Rc1 Rae8 29. Bc3 Bg5 30. Rcd1 Bf6 31. h3 Bxc3 32. bxc3 b5 33. a4 h5 34.
axb5 axb5 35. Qd4 Rd8 36. Qc5 Rc8 37. Qb6 Kh7 38. Qd4 Rc4 39. Qd5 Rc8 40. Ra1
Rc6 41. Rad1 Rc8 42. Qd4 Re4 43. Qf2 Rce8 44. R1d2 h4 45. Rd4 g5 46. Rxe4 Rxe4
47. Rd4 Re5 48. Rd1 Kg6 49. Qd4 f6 50. Ra1 g4 51. Rd1 gxh3 52. gxh3 Qc6+ 53.
Kg1 Qf3 54. Rf1 Qg3+ 55. Kh1 Qxh3+ 56. Kg1 Re2 0-1

[Event "BL 8990 Hofheim-Lasker"]
[Site "?"]
[Date "1990.??.??"]
[Round "?.3"]
[White "Muse, M."]
[Black "Troltenier, D."]
[Result "1-0"]
[WhiteElo "2415"]
[BlackElo "2300"]
[PlyCount "119"]
[EventDate "1990.??.??"]

1. Nf3 d5 2. d4 c5 3. c3 e6 4. Bf4 Nc6 5. e3 Nf6 6. Bd3 Bd6 7. Bg3 O-O 8. Nbd2
b6 9. Ne5 Bb7 10. f4 Ne7 11. Qf3 Nf5 12. a4 Rc8 13. Bf2 Be7 14. O-O a6 15. dxc5
bxc5 16. e4 dxe4 17. Nxe4 Qc7 18. Rad1 Rfd8 19. Bc2 Kf8 20. Qe2 Nd5 21. g3 Bf6
22. Nxc5 Ba8 23. Nf3 Qc6 24. Be4 Nd6 25. Bxd5 exd5 26. Bd4 Ne4 27. Nd3 Bxd4+
28. Nxd4 Qg6 29. f5 Qh6 30. Rf4 Re8 31. Qf1 Ng5 32. h4 Ne4 33. Kg2 Qh5 34. Qf3
Qh6 35. Rh1 Qb6 36. g4 Nc5 37. Nb4 a5 38. Nd3 Nxd3 39. Qxd3 Qxb2+ 40. Rf2 Qb6
41. Rh3 Qc5 42. g5 Qc4 43. Qf3 Re4 44. Ne6+ Kg8 45. Nd4 Rxd4 46. cxd4 Qxd4 47.
Qf4 Qd1 48. Rf1 d4+ 49. Kg1 Qxa4 50. g6 Qc6 51. gxf7+ Kxf7 52. Rhf3 Qc5 53.
R3f2 Qd5 54. Kh2 d3 55. f6 Rc4 56. Qg3 g6 57. Re1 Re4 58. Qc7+ Ke8 59. Rxe4+
Qxe4 60. f7+ 1-0

[Event "BL 8990 Hofheim-Lasker"]
[Site "?"]
[Date "1990.??.??"]
[Round "?.4"]
[White "Zude, E."]
[Black "Lehmann, K."]
[Result "0-1"]
[WhiteElo "2325"]
[BlackElo "2305"]
[PlyCount "76"]
[EventDate "1990.??.??"]

1. e4 c6 2. d4 d5 3. exd5 cxd5 4. c4 Nf6 5. Nc3 e6 6. Nf3 Bb4 7. cxd5 exd5 8.
Bd3 O-O 9. O-O Bg4 10. Qb3 Bxc3 11. bxc3 Bxf3 12. gxf3 Qd7 13. Kg2 Nc6 14. Rb1
Na5 15. Qb5 Qxb5 16. Rxb5 b6 17. Bg5 Rfd8 18. Rc1 Rac8 19. a4 Rc6 20. Kf1 h6
21. Bd2 Ne8 22. Re1 Nc7 23. Rbb1 Kf8 24. Ke2 Re8+ 25. Kd1 Rxe1+ 26. Bxe1 Nc4
27. Bd2 Ke7 28. Bf4 Ne6 29. Bb8 a6 30. Bxc4 Rxc4 31. Kd2 Rxa4 32. Rxb6 Ra2+ 33.
Ke3 Rc2 34. Bd6+ Kf6 35. Bb4 Ra2 36. Rd6 g5 37. Rxd5 Nf4 38. Rd6+ Kf5 0-1

[Event "BL 8990 Hofheim-Lasker"]
[Site "?"]
[Date "1990.??.??"]
[Round "?.5"]
[White "Junge, R."]
[Black "Haubt, G."]
[Result "0-1"]
[WhiteElo "2360"]
[BlackElo "2295"]
[PlyCount "122"]
[EventDate "1990.??.??"]

1. e4 e5 2. Nf3 Nc6 3. Bb5 a6 4. Ba4 f5 5. d4 exd4 6. e5 Bc5 7. O-O Nge7 8. Bb3
d5 9. c3 dxc3 10. Nxc3 Be6 11. Ng5 Bg8 12. e6 Nd4 13. Qh5+ Kf8 14. Be3 Nxb3 15.
axb3 Bxe3 16. fxe3 Qe8 17. Qh4 h6 18. e4 Qg6 19. Nh3 dxe4 20. Nxe4 Qxe6 21.
Rae1 Qb6+ 22. Kh1 Rh7 23. Qg3 Re8 24. Qe5 Bf7 25. Nc5 Kg8 26. Qc3 Qb5 27. Rf3
Nd5 28. Rxe8+ Qxe8 29. Qd2 b6 30. Nxa6 g6 31. Rf1 Qb5 32. Ra1 Qxb3 33. Nb8 Qe3
34. Qc2 Kg7 35. Nd7 Rh8 36. b4 Rd8 37. Qb2+ Qc3 38. Qxc3+ Nxc3 39. Ne5 Rd1+ 40.
Rxd1 Nxd1 41. Nf4 Nc3 42. Kg1 c5 43. bxc5 bxc5 44. Kf1 g5 45. Nfd3 Ne4 46. Ke2
c4 47. Nb4 f4 48. Kf3 Nd6 49. h4 Bh5+ 50. Kf2 Kf6 51. Nec6 Ne4+ 52. Kg1 c3 53.
hxg5+ hxg5 54. Nd4 Ke5 55. Nf3+ Bxf3 56. gxf3 Nc5 57. Kf1 Nb3 58. Kf2 Nd4 59.
Na2 c2 60. Nc1 Kd5 61. Kg2 Kc4 0-1

[Event "BL 8990 Hofheim-Lasker"]
[Site "?"]
[Date "1990.??.??"]
[Round "?.7"]
[White "Meier, V."]
[Black "Kopp, B."]
[Result "1-0"]
[WhiteElo "2240"]
[BlackElo "2265"]
[PlyCount "53"]
[EventDate "1990.??.??"]

1. e4 e6 2. d4 d5 3. Nd2 Nf6 4. e5 Nfd7 5. f4 c5 6. c3 Nc6 7. Ndf3 Qb6 8. g3
Be7 9. Bh3 cxd4 10. cxd4 O-O 11. Kf1 f6 12. Kg2 fxe5 13. fxe5 Ndb8 14. Bg4 Bd7
15. h4 Nd8 16. Nh3 Na6 17. Nf4 Nc7 18. h5 Nf7 19. Ng6 hxg6 20. hxg6 Nh6 21.
Bxh6 Be8 22. Qc2 Rxf3 23. Bxf3 gxh6 24. Rxh6 Bg5 25. Rh7 Qxd4 26. Qxc7 Bh6 27.
Rh8+ 1-0

[Event "BL 8990 Zehlendorf-Hofheim"]
[Site "?"]
[Date "1990.??.??"]
[Round "?.1"]
[White "Zude, A."]
[Black "Hulak, K."]
[Result "0-1"]
[WhiteElo "2325"]
[BlackElo "2550"]
[PlyCount "80"]
[EventDate "1990.??.??"]

1. e4 c5 2. Nf3 e6 3. d4 cxd4 4. Nxd4 a6 5. Bd3 Nf6 6. O-O d6 7. f4 g6 8. Kh1
Bg7 9. Nf3 Nbd7 10. c4 Qc7 11. Nc3 O-O 12. Qe2 b6 13. Bd2 Bb7 14. Rac1 Rac8 15.
b4 Qb8 16. Be3 Qa8 17. Nd2 Rfe8 18. Rc2 Nh5 19. Na4 b5 20. Nb6 Nxb6 21. Bxb6
Bh6 22. Be3 f5 23. cxb5 Rxc2 24. Bxc2 axb5 25. Kg1 fxe4 26. g4 Nxf4 27. Bxf4
Qa7+ 28. Kg2 e3+ 29. Ne4 Qxa2 30. Kh3 Bxe4 31. Qxb5 Rc8 32. Qd7 Rxc2 33. Qe8+
Bf8 34. Bxd6 Rxh2+ 35. Bxh2 Qg2+ 36. Kh4 Qxh2+ 37. Kg5 Qh6+ 38. Kf6 Qg7+ 39.
Kxe6 e2 40. Re1 Qc7 0-1

[Event "BL 8990 Zehlendorf-Hofheim"]
[Site "?"]
[Date "1990.??.??"]
[Round "?.2"]
[White "Wockenfuss, K."]
[Black "Troltenier, D."]
[Result "1-0"]
[WhiteElo "2405"]
[BlackElo "2300"]
[PlyCount "53"]
[EventDate "1990.??.??"]

1. g3 d5 2. Bg2 c5 3. Nf3 Nc6 4. d4 e6 5. O-O Nf6 6. c4 Be7 7. cxd5 exd5 8. Nc3
O-O 9. Bg5 cxd4 10. Nxd4 h6 11. Be3 Re8 12. Rc1 Bf8 13. Qa4 Ne5 14. Qc2 Bg4 15.
h3 Bh5 16. Nf5 Rc8 17. Rfd1 Bg6 18. g4 Bb4 19. Bd4 Ne4 20. Qd3 Nc4 21. Nxe4
Bxf5 22. gxf5 dxe4 23. Qb3 Bd2 24. Rxc4 Rxc4 25. Qxc4 e3 26. Bc3 exf2+ 27. Kf1
1-0

[Event "BL 8990 Zehlendorf-Hofheim"]
[Site "?"]
[Date "1990.??.??"]
[Round "?.3"]
[White "Schmitzer, K."]
[Black "Cladouras, P."]
[Result "0-1"]
[WhiteElo "2305"]
[BlackElo "2425"]
[PlyCount "71"]
[EventDate "1990.??.??"]

1. d4 Nf6 2. c4 e6 3. Nc3 d5 4. Bg5 Be7 5. e3 Nbd7 6. Nf3 O-O 7. Qc2 a6 8. cxd5
exd5 9. Bd3 c6 10. g4 Re8 11. O-O-O Nf8 12. h3 Ne4 13. Bxe7 Qxe7 14. Bxe4 dxe4
15. Nd2 f5 16. gxf5 Bxf5 17. f3 Qg5 18. fxe4 Bg6 19. Rde1 c5 20. h4 Qg3 21. Kb1
Rac8 22. h5 cxd4 23. exd4 Bxh5 24. Reg1 Qe3 25. Re1 Qg5 26. Reg1 Qe3 27. Re1
Qg5 28. Ref1 Bg6 29. Ka1 Qe3 30. Qb3+ Kh8 31. Nf3 Bxe4 32. Nxe4 Qxb3 33. axb3
Rxe4 34. d5 Kg8 35. Rd1 h6 36. Rd3 0-1

[Event "BL 8990 Zehlendorf-Hofheim"]
[Site "?"]
[Date "1990.??.??"]
[Round "?.4"]
[White "Pritchett, C."]
[Black "Zude, E."]
[Result "1-0"]
[WhiteElo "2360"]
[BlackElo "2325"]
[PlyCount "83"]
[EventDate "1990.??.??"]

1. e4 e5 2. Nf3 Nc6 3. Bb5 Nf6 4. O-O Nxe4 5. d4 Nd6 6. Bxc6 dxc6 7. dxe5 Nf5
8. Qxd8+ Kxd8 9. Nc3 h6 10. b3 Ne7 11. Bb2 Bg4 12. Rad1+ Ke8 13. Rd3 Rd8 14.
Rfd1 Rxd3 15. Rxd3 Ng6 16. Nd4 Bc5 17. Ne4 Be7 18. Rg3 Bc8 19. e6 Bh4 20. exf7+
Kxf7 21. Rf3+ Kg8 22. Nf5 Bxf5 23. Rxf5 b6 24. g3 Bd8 25. h4 Nf8 26. Kg2 Ne6
27. h5 Kh7 28. f4 Kg8 29. Kf3 Be7 30. Nf2 Bc5 31. Nd3 Bd4 32. c3 Bf6 33. g4 c5
34. Nf2 Kf7 35. Ne4 Ke8 36. Nxf6+ gxf6 37. c4 Rf8 38. Rxf6 Rxf6 39. Bxf6 Kf7
40. g5 Nd4+ 41. Kg4 a5 42. Be5 1-0

[Event "BL 8990 Zehlendorf-Hofheim"]
[Site "?"]
[Date "1990.??.??"]
[Round "?.5"]
[White "Haubt, G."]
[Black "Loeffler, S."]
[Result "1/2-1/2"]
[WhiteElo "2295"]
[BlackElo "2305"]
[PlyCount "47"]
[EventDate "1990.??.??"]

1. d4 Nf6 2. Nc3 d5 3. Bg5 g6 4. Qd2 Nbd7 5. f3 Bg7 6. e4 dxe4 7. fxe4 h6 8.
Bf4 Nh5 9. Be3 e5 10. Nf3 exd4 11. Nxd4 Ne5 12. O-O-O c6 13. Kb1 Bg4 14. Be2
Bxe2 15. Qxe2 Qh4 16. Nf3 Nxf3 17. Qxf3 O-O 18. Rd7 Bxc3 19. bxc3 Nf6 20. Rd4
Nh7 21. Rf1 Ng5 22. Qf6 Rae8 23. Rd7 Re6 24. Qf4 1/2-1/2

[Event "BL 8990 Zehlendorf-Hofheim"]
[Site "?"]
[Date "1990.??.??"]
[Round "?.7"]
[White "Huisl, W."]
[Black "Lehmann, H."]
[Result "1/2-1/2"]
[WhiteElo "2335"]
[BlackElo "2280"]
[PlyCount "160"]
[EventDate "1990.??.??"]

1. e4 c5 2. Nf3 Nc6 3. Bb5 g6 4. O-O Bg7 5. Re1 Nf6 6. e5 Nd5 7. Nc3 Nc7 8.
Bxc6 dxc6 9. d3 Bg4 10. h3 Bxf3 11. Qxf3 Ne6 12. Bf4 O-O 13. Qe3 Qd4 14. Bg3
Qxe3 15. fxe3 Rfd8 16. Rf1 b5 17. Ne4 Rd7 18. Rf3 h6 19. Raf1 Rf8 20. b3 Rd5
21. Nc3 Ng5 22. R3f2 Rd7 23. h4 Ne6 24. Ne4 a6 25. Bh2 Ra7 26. Ra1 Raa8 27.
Raf1 a5 28. Nc3 a4 29. Ne4 a3 30. Bg3 Rad8 31. Bh2 b4 32. Nd2 Nc7 33. Nc4 Nd5
34. e4 Nc3 35. Ra1 f6 36. Kf1 f5 37. exf5 gxf5 38. Bf4 Rd4 39. g3 Rd7 40. h5
Ra7 41. Be3 Nd5 42. Bxc5 Rb7 43. Rf3 f4 44. g4 Kf7 45. Bd4 Ke6 46. Re1 Rb5 47.
Kg2 Rc8 48. Kh3 Rg8 49. Kh4 Rbb8 50. Rg1 Rbf8 51. Re1 Ra8 52. Nd2 c5 53. Bxc5
Nc3 54. Ra1 Bxe5 55. d4 Bf6+ 56. Kh3 Nd5 57. Ne4 Kf7 58. c4 bxc3 59. Rc1 e5 60.
Nxf6 Kxf6 61. dxe5+ Kxe5 62. Re1+ Kf6 63. Bd4+ Kf7 64. Bxc3 Rge8 65. Rxe8 Rxe8
66. Bd2 Re2 67. Bxf4 Nxf4+ 68. Rxf4+ Kg7 69. Ra4 Rxa2 70. Ra7+ Kg8 71. g5 Ra1
72. g6 a2 73. Kg2 Rb1 74. Rxa2 Rxb3 75. Ra8+ Kg7 76. Ra7+ Kg8 77. Rh7 Rb5 78.
Rxh6 Rb7 79. Kf3 Ra7 80. Ke4 Rb7 1/2-1/2

[Event "BL 8990 Lasker-Heidelberg"]
[Site "?"]
[Date "1990.??.??"]
[Round "?.1"]
[White "Ostl, A."]
[Black "Brunner, L."]
[Result "1/2-1/2"]
[WhiteElo "2335"]
[BlackElo "2505"]
[PlyCount "103"]
[EventDate "1990.??.??"]

1. Nf3 Nf6 2. d4 e6 3. Bf4 b6 4. e3 Bb7 5. Be2 Be7 6. Nbd2 Nh5 7. Bg3 d6 8. Kf1
Nd7 9. Ne1 Nxg3+ 10. hxg3 e5 11. Nd3 Bf6 12. c3 O-O 13. Kg1 Re8 14. Qc2 g6 15.
dxe5 Nxe5 16. Nxe5 Bxe5 17. Nf3 Bf6 18. Rd1 Qe7 19. Kh2 d5 20. Rhe1 c5 21. b3
Red8 22. c4 Rd6 23. cxd5 Bxd5 24. Bd3 Bc6 25. e4 Be5 26. Nxe5 Qxe5 27. f4 Qh5+
28. Kg1 Qg4 29. Kf2 Rad8 30. Be2 Qd7 31. Rxd6 Qxd6 32. Rd1 Qe7 33. e5 Rxd1 34.
Qxd1 f6 35. Bf3 Qd7 36. Qxd7 Bxd7 37. exf6 Kf7 38. g4 Kxf6 39. g5+ Kg7 40. Bd5
h6 41. Ke3 hxg5 42. fxg5 Bf5 43. Kf4 Kf8 44. Ke5 Ke7 45. Bc4 Bb1 46. a3 Bc2 47.
Kd5 Kd7 48. Bb5+ Kc7 49. Bc4 Kd7 50. Ke5 Ke7 51. Kd5 Kd7 52. Ke5 1/2-1/2

[Event "BL 8990 Lasker-Heidelberg"]
[Site "?"]
[Date "1990.??.??"]
[Round "?.2"]
[White "Fries Nielsen, J."]
[Black "Mack, P."]
[Result "1-0"]
[WhiteElo "2425"]
[BlackElo "2305"]
[PlyCount "71"]
[EventDate "1990.??.??"]

1. b3 Nf6 2. Bb2 e6 3. Nf3 b6 4. g3 Bb7 5. Bg2 Be7 6. O-O O-O 7. d3 d5 8. Nbd2
c5 9. e3 Nc6 10. Qe2 Qc7 11. c4 dxc4 12. bxc4 Rfd8 13. Ne1 Rd7 14. f4 Rad8 15.
Ndf3 Re8 16. Bh3 Rdd8 17. g4 Nd7 18. g5 e5 19. Ng2 Bd6 20. Nfh4 exf4 21. Nf5
Be5 22. Bxe5 Rxe5 23. Rxf4 Nf8 24. Raf1 Ne6 25. Qh5 Nxf4 26. Nxf4 Rxf5 27. Bxf5
g6 28. Qh6 gxf5 29. Nh5 f6 30. Nxf6+ Kh8 31. Rf3 Rg8 32. Rh3 Rg7 33. Nxh7 Kg8
34. Nf6+ Kf7 35. Qxg7+ Kxg7 36. Rh7+ 1-0

[Event "BL 8990 Lasker-Heidelberg"]
[Site "?"]
[Date "1990.??.??"]
[Round "?.3"]
[White "Steinbacher, M."]
[Black "Muse, M."]
[Result "0-1"]
[WhiteElo "2325"]
[BlackElo "2415"]
[PlyCount "74"]
[EventDate "1990.??.??"]

1. d4 Nf6 2. c4 g6 3. Nc3 d5 4. cxd5 Nxd5 5. e3 Bg7 6. Bc4 Nb6 7. Bb3 O-O 8. h4
c5 9. h5 cxd4 10. hxg6 hxg6 11. exd4 Qxd4 12. Qxd4 Bxd4 13. Nb5 Nc6 14. a4 Bg7
15. a5 Nd7 16. Be3 Nde5 17. Ne2 Nd3+ 18. Kf1 Nxb2 19. Nc7 Rb8 20. Nd5 Be6 21.
Nef4 Bxd5 22. Bxd5 Nc4 23. Bxc4 Bxa1 24. Nxg6 Rfe8 25. Rh5 e6 26. Nf4 Bd4 27.
Rg5+ Kf8 28. Bc1 Ke7 29. Ba3+ Kd7 30. Rg3 Kc7 31. Ne2 Be5 32. Rf3 f6 33. Bb5
Rbd8 34. Ba4 Rd5 35. g3 Rxa5 36. Bc2 f5 37. Nc3 Nd4 0-1

[Event "BL 8990 Lasker-Heidelberg"]
[Site "?"]
[Date "1990.??.??"]
[Round "?.4"]
[White "Lehmann, K."]
[Black "Neurohr, S."]
[Result "1/2-1/2"]
[WhiteElo "2305"]
[BlackElo "2325"]
[PlyCount "80"]
[EventDate "1990.??.??"]

1. e4 c5 2. c3 d5 3. exd5 Qxd5 4. d4 Nf6 5. Nf3 Nc6 6. Be3 cxd4 7. cxd4 e6 8.
Nc3 Qd6 9. a3 Be7 10. Bd3 O-O 11. Qe2 b6 12. O-O Bb7 13. Rad1 Rad8 14. Bb1 Qb8
15. Ba2 Rfe8 16. d5 exd5 17. Nxd5 Nxd5 18. Bxd5 Bf6 19. Qc4 Rxd5 20. Rxd5 Na5
21. Rxa5 bxa5 22. Ng5 Re7 23. Qd3 g6 24. h4 Qc8 25. Qd6 Qc6 26. Qxc6 Bxc6 27.
Rc1 Be8 28. b4 a4 29. Rc2 a6 30. Nf3 Kg7 31. Rc8 Bd7 32. Ra8 Re6 33. Bc5 h6 34.
Ra7 Bb5 35. Bd4 Bxd4 36. Nxd4 Re1+ 37. Kh2 Ra1 38. Nxb5 axb5 39. Rb7 Rxa3 40.
Rxb5 Rb3 1/2-1/2

[Event "BL 8990 Lasker-Heidelberg"]
[Site "?"]
[Date "1990.??.??"]
[Round "?.5"]
[White "Grathwohl, R."]
[Black "Maxion, D."]
[Result "1/2-1/2"]
[WhiteElo "2360"]
[BlackElo "2210"]
[PlyCount "38"]
[EventDate "1990.??.??"]

1. Nf3 Nf6 2. b3 g6 3. Bb2 Bg7 4. e3 O-O 5. Be2 d6 6. d4 Nbd7 7. c4 e5 8. dxe5
Ng4 9. h3 Nh6 10. Nc3 dxe5 11. Qc2 f6 12. Rd1 c6 13. O-O Nf7 14. Ne4 f5 15. Nc5
Qe7 16. Nxd7 Bxd7 17. Ba3 Qxa3 18. Rxd7 b6 19. c5 b5 1/2-1/2

[Event "BL 8990 Lasker-Heidelberg"]
[Site "?"]
[Date "1990.??.??"]
[Round "?.6"]
[White "Meier, V."]
[Black "Pirrot, D."]
[Result "1/2-1/2"]
[WhiteElo "2240"]
[BlackElo "2355"]
[PlyCount "76"]
[EventDate "1990.??.??"]

1. e4 e5 2. Nf3 Nc6 3. Nc3 Nf6 4. Bb5 a6 5. Bxc6 dxc6 6. Nxe5 Nxe4 7. Nxe4 Qd4
8. O-O Qxe5 9. d4 Qf5 10. Re1 Be6 11. Bg5 h6 12. Qd3 Qh7 13. Bh4 Bd6 14. c4 Kf8
15. Qb3 b5 16. Nxd6 cxd6 17. Qb4 Qf5 18. Qxd6+ Kg8 19. Re5 Qd3 20. d5 cxd5 21.
cxd5 Kh7 22. Be7 Bf5 23. Re3 Qd4 24. Qe5 Qxe5 25. Rxe5 Kg6 26. Bc5 Rhe8 27.
Rae1 Rxe5 28. Rxe5 a5 29. f3 Rc8 30. d6 f6 31. Rd5 Be6 32. d7 Bxd7 33. Bb6 Rc1+
34. Kf2 Rc2+ 35. Kg3 Bc6 36. Rc5 Rxc5 37. Bxc5 a4 38. Kf4 Bd5 1/2-1/2